Infancia y adolescencia en Chile: censos 1992-2002

Guardat en:
Dades bibliogràfiques
Autor corporatiu: Servicio Nacional de Menores (Autor), SENAME (Autor)
Format: Llibre
Idioma:espanyol
Publicat: Santiago SENAME 2005
Edició:1a. ed
Matèries:
Etiquetes: Afegir etiqueta
Sense etiquetes, Sigues el primer a etiquetar aquest registre!

MARC

LEADER 00000nam a2200000 a 4500
001 UCK6183
003 CL-VaPUC
008 050909e20050000CL |||||||||||||||||spa|d
020 |a 956795206X 
082 0 4 |a 362.7  |b SER  |2 21 
110 2 |a Servicio Nacional de Menores  |e author  |9 495226 
710 2 |a SENAME  |e author  |9 495227 
245 1 0 |a Infancia y adolescencia en Chile: censos 1992-2002 
250 |a 1a. ed 
300 |a 216 p 
942 |c BK 
945 |d 20050909 00:00:00  |a cmena 
260 |a Santiago  |b SENAME  |c 2005 
650 0 |a Niños  |9 255605 
650 0 |a Adolescentes  |9 308058 
650 0 |a Problemas sociales  |9 258537 
650 0 |a Cambio social   |9 256857 
651 7 |a CHILE  |2 CL-VaPUC  |9 495228 
583 |a last modification  |c 20050909 00:00:00  |k Rodrigo Vera 
999 |c 314500  |d 314498 
952 |0 0  |1 0  |4 0  |6 362_700000000000000_SER_2005  |7 0  |8 A  |9 386803  |a BIBGIM  |b BIBGIM  |d 2019-11-22  |i 4165632  |o 362.7 SER 2005  |p 4165632  |r 2025-01-15  |w 2019-11-22  |y BK  |k SSL